000 00345 a2200157 4500
001 184530
020 _a
040 _cMagnum
100 _aMapherson, Aimee Semple
240 1 0 _aA história de um vida
_lpor
245 1 0 _aA história de um vida
300 _a180
362 0 _a1981
697 _aLITERATURA GERAL ESTRANGEIRA
942 _cBK
999 _c184530
_d184530